[Event "Reykjavik op"]
[Site "Reykjavik"]
[Date "2019.04.09"]
[Round "3"]
[White "Van de Plassche, Bas"]
[Black "Munshi, Aditya"]
[Result "1/2-1/2"]
[WhiteElo "2376"]
[BlackElo "2113"]
[PlyCount "82"]
[EventDate "2019.04.08"]
[EventType "swiss"]
[EventRounds "9"]
[EventCountry "ISL"]
[SourceTitle "CBM 189 Extra"]
[Source "ChessBase"]
[SourceDate "2019.06.03"]
[SourceVersion "1"]
[SourceVersionDate "2019.06.03"]
[SourceQuality "1"]

1. d4 Nf6 2. c4 e6 3. Nc3 Bb4 4. e3 0-0 5. Bd3 d5 6. cxd5 exd5 7. Nge2 Re8 8. Bd2 c5 9. a3 Bxc3 10. Bxc3 c4 11. Bc2 Nc6 12. 0-0 Ne4 13. b3 cxb3 14. Bxb3 Bf5 15. Be1 Rc8 16. Nf4 Nf6 17. Rc1 Qd6 18. Bc3 Qxa3 19. Nxd5 Nxd5 20. Bxd5 Ne7 21. Qb3 Qxb3 22. Bxb3 Bd3 23. Rfe1 Bc4 24. Bc2 Ba6 25. Bb2 Nd5 26. Bf5 Rc4 27. Rxc4 Bxc4 28. Ra1 a6 29. g3 g6 30. Bh3 f5 31. Bg2 Rd8 32. Ra3 Kf7 33. f3 Rd6 34. e4 Rb6 35. Ba1 Rb1+ 36. Kf2 Nb4 37. Bc3 Nd3+ 38. Ke3 Ne1 39. Kf2 Nc2 40. Ra4 Bb5 41. Ra2 Nb4 1/2-1/2

[Event "BL2-West 0304"]
[Site "Germany"]
[Date "2003.??.??"]
[Round "?.2"]
[White "Van de Plassche, Bas"]
[Black "Gurevich, Vladimir"]
[Result "0-1"]
[WhiteElo "2380"]
[BlackElo "2425"]
[PlyCount "126"]
[EventDate "2003.12.14"]
[EventType "team-tourn"]
[EventRounds "9"]
[EventCountry "GER"]
[SourceTitle "CBM 100 Extra"]
[Source "ChessBase"]
[SourceDate "2004.07.06"]
[SourceVersion "2"]
[SourceVersionDate "2004.07.06"]
[SourceQuality "1"]
[WhiteTeam "Heiligenhaus"]
[BlackTeam "Bochum"]
[WhiteTeamCountry "GER"]
[BlackTeamCountry "GER"]

1. e4 c5 2. Nf3 d6 3. d4 cxd4 4. Nxd4 Nf6 5. Nc3 a6 6. Be3 e5 7. Nb3 Be6 8. f3 h5 9. Be2 Nbd7 10. a4 Rc8 11. 0-0 Be7 12. Qd2 0-0 13. Rfd1 Qc7 14. Qe1 Rfd8 15. a5 Qc6 16. Rac1 d5 17. exd5 Nxd5 18. Nxd5 Bxd5 19. c4 Be6 20. f4 Qa4 21. Qc3 exf4 22. Bxf4 Nc5 23. Nxc5 Bxc5+ 24. Kh1 Bb4 25. Rxd8+ Rxd8 26. Qg3 Bf8 27. Bg5 Rd4 28. Be3 Rd7 29. h3 Qb3 30. Qe5 Bd6 31. Qe4 Qxb2 32. Bxh5 Bc5 33. Rb1 Qa3 34. Bxc5 Qxc5 35. Bg4 Rd4 36. Qxb7 Bxg4 37. hxg4 Rxg4 38. Qb8+ Kh7 39. Qh2+ Kg6 40. Qh3 Qxc4 41. Qe3 Qd5 42. Rb2 f6 43. Kg1 Rg5 44. Rf2 Re5 45. Qg3+ Kf7 46. Qg4 Re1+ 47. Kh2 Qe5+ 48. Qf4 Ke6 49. Qxe5+ Rxe5 50. Ra2 Kd6 51. Kg3 Kc5 52. Kf3 Kb4 53. Rb2+ Kxa5 54. Rb7 Rg5 55. g4 Ka4 56. Kf4 a5 57. Kf3 Ka3 58. Kf4 a4 59. Kf3 Ka2 60. Kf4 a3 61. Kf3 Rc5 62. Rxg7 Kb3 63. Ke4 a2 0-1

[Event "BEL-chT 0001"]
[Site "Belgium"]
[Date "2001.01.21"]
[Round "7"]
[White "Praet, Maarten"]
[Black "Van de Plassche, Bas"]
[Result "0-1"]
[WhiteElo "2193"]
[BlackElo "2377"]
[PlyCount "173"]
[EventDate "2000.11.18"]
[EventType "team"]
[EventRounds "13"]
[EventCountry "BEL"]
[SourceTitle "CBM 081 Extra"]
[Source "ChessBase"]
[SourceDate "2001.05.06"]
[SourceVersion "1"]
[SourceVersionDate "2001.05.06"]
[SourceQuality "1"]

1. e4 c5 2. c3 d5 3. exd5 Qxd5 4. d4 Nc6 5. Nf3 Nf6 6. Be3 cxd4 7. cxd4 e6 8. Nc3 Qd6 9. a3 Be7 10. Bd3 0-0 11. 0-0 b6 12. Qe2 Bb7 13. Rad1 Rfe8 14. Bg5 Rad8 15. Rfe1 Qb8 16. h4 h6 17. Bc1 Bd6 18. Nb5 Bf4 19. Ne5 Bxc1 20. Nxc6 Bxc6 21. Rxc1 Qb7 22. Qe5 Bxb5 23. Bxb5 Re7 24. Bc6 Qc7 25. Bf3 Qd6 26. Rc8 Red7 27. Rxd8+ Rxd8 28. Qxd6 Rxd6 29. Rd1 Kf8 30. Kf1 Ke7 31. Ke2 Rd7 32. Rd3 Kd6 33. Rc3 Rc7 34. Rxc7 Kxc7 35. Kd3 Kd6 36. Kc4 a5 37. Kb5 Kc7 38. Kc4 Ne8 39. g3 Nd6+ 40. Kd3 b5 41. a4 b4 42. b3 Kd7 43. Ke3 Ke7 44. Kd3 Kf6 45. Bg2 g5 46. hxg5+ hxg5 47. Ke3 Kf5 48. Bf3 g4 49. Bc6 Nc8 50. d5 Ne7 51. Kd4 exd5 52. Bxd5 Nxd5 53. Kxd5 f6 54. Kd4 Ke6 55. Kc5 Ke5 56. Kb5 Kd4 57. Kxa5 Kc3 58. Kb6 Kxb3 59. a5 Kc3 60. a6 b3 61. a7 b2 62. a8Q b1Q+ 63. Kc7 Qf5 64. Qa1+ Kd2 65. Qf1 Qd5 66. Kc8 f5 67. Kc7 Qd3 68. Qg2 Qf3 69. Qf1 Qd3 70. Qg2 Ke1 71. Qh1+ Kxf2 72. Qh2+ Kf3 73. Qh4 Qe4 74. Kd7 Kg2 75. Qf6 Kxg3 76. Qc3+ Qf3 77. Qe1+ Kg2 78. Qd2+ Kg3 79. Qe1+ Kh3 80. Qe5 Qe4 81. Qh8+ Kg2 82. Qb2+ Kg3 83. Qc3+ Kf2 84. Qd2+ Kg3 85. Qc3+ Qf3 86. Qe1+ Kh3 87. Qe5 0-1

[Event "BL2-West 0001"]
[Site "Germany"]
[Date "2000.10.15"]
[Round "1.8"]
[White "Kuipers, Eelco"]
[Black "Van de Plassche, Bas"]
[Result "0-1"]
[WhiteElo "2271"]
[BlackElo "2377"]
[PlyCount "106"]
[EventDate "2000.10.15"]
[EventType "team-tourn"]
[EventRounds "9"]
[EventCountry "GER"]
[SourceTitle "CBM 082 Extra"]
[Source "ChessBase"]
[SourceDate "2001.07.03"]
[SourceVersion "1"]
[SourceVersionDate "2001.07.03"]
[SourceQuality "1"]
[WhiteTeam "Koeln Porz II"]
[BlackTeam "Heiligenhaus"]
[WhiteTeamCountry "GER"]
[BlackTeamCountry "GER"]

1. e4 c5 2. a3 g6 3. Bc4 Bg7 4. Nc3 e6 5. Nge2 Nc6 6. 0-0 Nge7 7. Ba2 0-0 8. d3 h6 9. Be3 Nd4 10. Qd2 Kh7 11. Rae1 d6 12. Nd1 b6 13. f4 Bb7 14. Ng3 d5 15. f5 exf5 16. c3 dxe4 17. dxe4 fxe4 18. Rxf7 Rxf7 19. Bxf7 Ndf5 20. Qf2 Qd7 21. Bb3 Rf8 22. Nxf5 gxf5 23. Bf4 Bd5 24. Bc2 Be6 25. Ne3 Nd5 26. Rd1 Qf7 27. g4 Nxe3 28. Qxe3 Qg6 29. h3 fxg4 30. Bxe4 Bf5 31. Rd6 Rf6 32. Rxf6 Bxf6 33. Bxf5 Qxf5 34. hxg4 Qxg4+ 35. Kh2 h5 36. Qe4+ Kg7 37. Qb7+ Kg6 38. Qe4+ Qf5 39. Qg2+ Kf7 40. Bb8 Be5+ 41. Bxe5 Qxe5+ 42. Kh3 Kf6 43. Kh4 Kf5 44. Qh3+ Ke4 45. Qh1+ Ke3 46. Qe1+ Kf4 47. Qf1+ Ke4 48. Qh1+ Kf5 49. Qh3+ Kf6 50. Qf3+ Qf5 51. Qc6+ Ke5 52. Qe8+ Kf4 53. Qb8+ Kf3 0-1

[Event "Oberliga NRW 9900 I"]
[Site "Germany"]
[Date "2000.04.21"]
[Round "8.4"]
[White "Wengenroth, Walter"]
[Black "Van de Plassche, Bas"]
[Result "0-1"]
[WhiteElo "2180"]
[BlackElo "2349"]
[PlyCount "66"]
[EventDate "1999.10.26"]
[EventType "team"]
[EventRounds "9"]
[EventCountry "GER"]
[SourceTitle "EXT 2001"]
[Source "ChessBase"]
[SourceDate "2000.11.22"]
[SourceVersion "1"]
[SourceVersionDate "2000.11.22"]
[SourceQuality "1"]
[WhiteTeam "Duisburg II"]
[BlackTeam "Heiligenhaus"]
[WhiteTeamCountry "GER"]
[BlackTeamCountry "GER"]

1. d4 Nf6 2. Nf3 g6 3. c3 Bg7 4. Bg5 0-0 5. Nbd2 d6 6. e4 h6 7. Bh4 c6 8. Bd3 Qc7 9. e5 Nd5 10. Bg3 Qd8 11. Qe2 Re8 12. 0-0-0 f5 13. Nh4 Kh7 14. Rhe1 Rf8 15. exd6 exd6 16. f4 b5 17. Kb1 a5 18. Nf1 Ra7 19. Qd2 Re7 20. Nf3 Rxe1 21. Rxe1 Nd7 22. Ne3 N7f6 23. Nxd5 Nxd5 24. c4 Nb4 25. cxb5 cxb5 26. a3 Nxd3 27. Qxd3 b4 28. a4 Bb7 29. d5 Re8 30. Rd1 Re4 31. Bh4 Qe8 32. Bf2 Qxa4 33. Nd4 Bxd5 0-1

[Event "Oberliga NRW 9900 I"]
[Site "Germany"]
[Date "2000.03.01"]
[Round "6.5"]
[White "Grinis, Yevgen"]
[Black "Van de Plassche, Bas"]
[Result "0-1"]
[WhiteElo "2137"]
[BlackElo "2349"]
[PlyCount "68"]
[EventDate "1999.10.26"]
[EventType "team"]
[EventRounds "9"]
[EventCountry "GER"]
[SourceTitle "EXT 2001"]
[Source "ChessBase"]
[SourceDate "2000.11.22"]
[SourceVersion "1"]
[SourceVersionDate "2000.11.22"]
[SourceQuality "1"]
[WhiteTeam "Duesseldorf"]
[BlackTeam "Heiligenhaus"]
[WhiteTeamCountry "GER"]
[BlackTeamCountry "GER"]

1. d4 Nf6 2. c4 g6 3. Nc3 d5 4. Nf3 Bg7 5. Bg5 dxc4 6. e4 Bg4 7. Bxc4 Bxf3 8. gxf3 0-0 9. Qd2 Nh5 10. 0-0-0 Qd7 11. f4 Nc6 12. e5 Kh8 13. d5 Nd8 14. Bh4 Bh6 15. Bg3 Qf5 16. Ne2 c6 17. Bd3 Qc8 18. Bc2 cxd5 19. Qxd5 Nc6 20. Qe4 f5 21. Qc4 b5 22. Qc3 Qb7 23. Kb1 a5 24. Qf3 Qb6 25. Bb3 Rac8 26. Rd7 a4 27. Bd5 Nb4 28. Nc3 a3 29. Rb7 Qa6 30. Rxe7 axb2 31. Bb3 Nc6 32. Re6 b4 33. Nd5 Qa3 34. Qd1 Nd4 0-1

[Event "Oberliga NRW 9900 I"]
[Site "Germany"]
[Date "2000.01.19"]
[Round "4.3"]
[White "Weber, Peter"]
[Black "Van de Plassche, Bas"]
[Result "1/2-1/2"]
[WhiteElo "2205"]
[BlackElo "2349"]
[PlyCount "33"]
[EventDate "1999.10.26"]
[EventType "team"]
[EventRounds "9"]
[EventCountry "GER"]
[SourceTitle "EXT 2001"]
[Source "ChessBase"]
[SourceDate "2000.11.22"]
[SourceVersion "1"]
[SourceVersionDate "2000.11.22"]
[SourceQuality "1"]
[WhiteTeam "Monheim"]
[BlackTeam "Heiligenhaus"]
[WhiteTeamCountry "GER"]
[BlackTeamCountry "GER"]

1. e4 c5 2. Nf3 d6 3. d4 cxd4 4. Nxd4 Nf6 5. Nc3 a6 6. h3 e6 7. g4 d5 8. Bg2 Nxe4 9. Nxe4 dxe4 10. Bxe4 Nd7 11. 0-0 Be7 12. Bg2 h5 13. gxh5 Nf6 14. h6 g6 15. c4 Qc7 16. Be3 Bd7 17. Qb3 1/2-1/2

[Event "Oberliga NRW 9900 I"]
[Site "Germany"]
[Date "1999.11.22"]
[Round "2.4"]
[White "Van de Plassche, Bas"]
[Black "Roese, Oliver"]
[Result "1-0"]
[WhiteElo "2349"]
[BlackElo "2320"]
[PlyCount "77"]
[EventDate "1999.10.26"]
[EventType "team"]
[EventRounds "9"]
[EventCountry "GER"]
[SourceTitle "EXT 2001"]
[Source "ChessBase"]
[SourceDate "2000.11.22"]
[SourceVersion "1"]
[SourceVersionDate "2000.11.22"]
[SourceQuality "1"]
[WhiteTeam "Heiligenhaus"]
[BlackTeam "Lohmar"]
[WhiteTeamCountry "GER"]
[BlackTeamCountry "GER"]

1. e4 c5 2. Nf3 e6 3. d4 cxd4 4. Nxd4 Nc6 5. Nc3 a6 6. Be3 Nf6 7. Bd3 Qc7 8. 0-0 Ne5 9. Be2 b5 10. f4 Nc4 11. Bxc4 Qxc4 12. e5 Nd5 13. Nxd5 Qxd5 14. Qe2 Bb7 15. Rad1 Rc8 16. Qf2 Qe4 17. f5 exf5 18. Nxf5 Rxc2 19. Rd2 Rxd2 20. Bxd2 Bc5 21. Nxg7+ Kd8 22. Bg5+ Kc7 23. Qxc5+ Kb8 24. Qf2 Rc8 25. Rc1 Rxc1+ 26. Bxc1 Qb1 27. Qd2 Qxa2 28. Qxd7 Qb1 29. Qd2 a5 30. Ne8 a4 31. h3 Bd5 32. Kh2 Qe4 33. Nf6 Qxe5+ 34. Qf4 Qxf4+ 35. Bxf4+ Kb7 36. Nxd5 Kc6 37. Nc3 Kc5 38. Bh6 Kc4 39. Bf8 1-0

[Event "BEL-chT 9697"]
[Site "Belgium"]
[Date "1997.??.??"]
[Round "7"]
[White "Boeykens, Marc"]
[Black "Van de Plassche, Bas"]
[Result "1/2-1/2"]
[WhiteElo "2245"]
[BlackElo "2325"]
[PlyCount "40"]
[EventDate "1996.??.??"]
[EventType "team"]
[EventRounds "11"]
[EventCountry "BEL"]
[SourceTitle "EXT 1998"]
[Source "ChessBase"]
[SourceDate "1997.11.17"]
[SourceVersion "1"]
[SourceVersionDate "1997.11.17"]
[SourceQuality "1"]

1. d4 Nf6 2. c4 g6 3. Nc3 d5 4. Bf4 Bg7 5. e3 c5 6. dxc5 Qa5 7. Rc1 Ne4 8. cxd5 Nxc3 9. Qd2 Qxa2 10. bxc3 Qxd2+ 11. Kxd2 e5 12. Bg3 Nd7 13. Bb5 0-0 14. Bxd7 Bxd7 15. Nf3 f6 16. Ra1 Rfc8 17. Ra5 a6 18. c4 Bf8 19. Rb1 Bxc5 20. Rxb7 Bb5 1/2-1/2

[Event "BEL-chT 9697"]
[Site "Belgium"]
[Date "1997.??.??"]
[Round "3"]
[White "Foisor, Cristina Adela B"]
[Black "Van de Plassche, Bas"]
[Result "0-1"]
[WhiteElo "2375"]
[BlackElo "2325"]
[PlyCount "88"]
[EventDate "1996.??.??"]
[EventType "team"]
[EventRounds "11"]
[EventCountry "BEL"]
[SourceTitle "EXT 1998"]
[Source "ChessBase"]
[SourceDate "1997.11.17"]
[SourceVersion "1"]
[SourceVersionDate "1997.11.17"]
[SourceQuality "1"]

1. c4 c5 2. Nf3 g6 3. g3 Bg7 4. Bg2 Nc6 5. 0-0 e5 6. Nc3 Nge7 7. a3 0-0 8. Rb1 d6 9. b4 Rb8 10. d3 h6 11. Nd5 cxb4 12. axb4 b5 13. Nd2 bxc4 14. Nxe7+ Nxe7 15. dxc4 d5 16. Qa4 Be6 17. c5 Qc7 18. Ba3 a6 19. Rfc1 Rfd8 20. e4 Bd7 21. Qxa6 Bb5 22. Qa5 Qd7 23. Bb2 Ra8 24. c6 Bxc6 25. Qc5 Rac8 26. Qe3 d4 27. Qe1 h5 28. Rc5 Rb8 29. Nc4 Qe6 30. h4 f6 31. Bf1 Qg4 32. Bg2 Bf8 33. Kh2 Bd7 34. Ba3 Bb5 35. Bf1 d3 36. Bh3 Qf3 37. Nd2 Qe2 38. Bf1 Qxe1 39. Rxe1 Nc6 40. Rcc1 Bh6 41. Red1 Ba4 42. b5 Nd4 43. Nc4 Bxc1 44. Rxd3 Bxa3 0-1

[Event "BEL-chT 9697"]
[Site "Belgium"]
[Date "1997.??.??"]
[Round "2"]
[White "Kerkhof, Philippe"]
[Black "Van de Plassche, Bas"]
[Result "0-1"]
[WhiteElo "2250"]
[BlackElo "2325"]
[PlyCount "69"]
[EventDate "1996.??.??"]
[EventType "team"]
[EventRounds "11"]
[EventCountry "BEL"]
[SourceTitle "EXT 1998"]
[Source "ChessBase"]
[SourceDate "1997.11.17"]
[SourceVersion "1"]
[SourceVersionDate "1997.11.17"]
[SourceQuality "1"]

1. e4 c5 2. c3 d5 3. exd5 Qxd5 4. d4 Nf6 5. Nf3 Nc6 6. Be3 cxd4 7. cxd4 e6 8. Nc3 Qd6 9. a3 Be7 10. Bd3 0-0 11. Qc2 a6 12. 0-0 Bd7 13. Rad1 Rfd8 14. Rfe1 Rac8 15. Ne5 Be8 16. Nc4 Qc7 17. d5 exd5 18. Bb6 Qf4 19. Ne3 g6 20. Bxd8 Rxd8 21. Ne2 Qb8 22. h3 Bd7 23. Qd2 Be6 24. Nc2 d4 25. Nf4 Bb3 26. Rc1 Bd6 27. Ne2 Bc7 28. Na1 Ba5 29. Qg5 Qe5 30. Qxe5 Nxe5 31. Nxb3 Bxe1 32. Rxe1 Nxd3 33. Rb1 Ne4 34. f3 Nf6 35. Nbxd4 0-1

[Event "BEL-chT 9798"]
[Site "Antwerp"]
[Date "1997.??.??"]
[Round "1"]
[White "Knoppert, Erik"]
[Black "Van de Plassche, Bas"]
[Result "1/2-1/2"]
[WhiteElo "2385"]
[BlackElo "2335"]
[PlyCount "139"]
[EventDate "1997.??.??"]
[EventType "team"]
[EventRounds "11"]
[EventCountry "BEL"]
[SourceTitle "EXT 1999"]
[Source "ChessBase"]
[SourceDate "1998.11.16"]
[SourceVersion "1"]
[SourceVersionDate "1998.11.16"]
[SourceQuality "1"]

1. c4 g6 2. g3 Bg7 3. Bg2 c5 4. Nc3 Nc6 5. e3 d6 6. Nge2 Bd7 7. 0-0 Qc8 8. Nd5 Nh6 9. Rb1 Rb8 10. Nec3 0-0 11. a3 Bh3 12. e4 Bxg2 13. Kxg2 e6 14. Ne3 f5 15. d3 f4 16. gxf4 Rxf4 17. f3 Rf7 18. Bd2 Qd7 19. Nc2 Kh8 20. Be3 Rbf8 21. Qd2 Ng8 22. Rf2 Ne5 23. Rbf1 Nf6 24. h3 b6 25. b4 cxb4 26. axb4 d5 27. f4 Nc6 28. b5 Ne7 29. cxd5 exd5 30. e5 Ne8 31. Nd4 Nc7 32. Nce2 Nf5 33. Nxf5 Rxf5 34. Ng3 R5f7 35. d4 Nxb5 36. Qd3 Nc7 37. f5 gxf5 38. Nxf5 Ne6 39. Kh2 Rg8 40. Rg2 Bf8 41. Qc2 Ng7 42. Rgf2 Nxf5 43. Rxf5 Rxf5 44. Qxf5 Qxf5 45. Rxf5 Bb4 46. Bg5 Kg7 47. Rf6 Rc8 48. Rd6 Bxd6 49. exd6 Kg6 50. d7 Rg8 51. d8Q Rxd8 52. Bxd8 Kf5 53. Kg3 Ke4 54. Kf2 Kd3 55. Ke1 Kc2 56. h4 a5 57. Bxb6 a4 58. Bc5 Kb3 59. h5 a3 60. Bxa3 Kxa3 61. h6 Kb3 62. Kd2 Kc4 63. Ke3 Kc3 64. Kf4 Kxd4 65. Kf5 Ke3 66. Kf6 d4 67. Kg7 d3 68. Kxh7 d2 69. Kg8 d1Q 70. h7 1/2-1/2

[Event "BEL-chT 9798"]
[Site "Antwerp"]
[Date "1997.??.??"]
[Round "4"]
[White "Van de Plassche, Bas"]
[Black "Chuchelov, Vladimir"]
[Result "0-1"]
[WhiteElo "2325"]
[BlackElo "2525"]
[PlyCount "68"]
[EventDate "1997.??.??"]
[EventType "team"]
[EventRounds "11"]
[EventCountry "BEL"]
[SourceTitle "CBM 062"]
[Source "ChessBase"]
[SourceDate "1998.01.31"]
[SourceVersion "1"]
[SourceVersionDate "1998.01.31"]
[SourceQuality "1"]

1. e4 c5 2. Nf3 e6 3. d4 cxd4 4. Nxd4 a6 5. Nc3 b5 6. Bd3 Qb6 7. Nb3 Qc7 8. 0-0 Nf6 9. f4 Bb7 10. Qf3 d6 11. a4 b4 12. Ne2 Nbd7 13. Kh1 Be7 14. Bd2 d5 15. e5 Ne4 16. Be3 0-0 17. Qh3 Rae8 18. Nbd4 Ndc5 19. Rf3 Bc8 20. Bxe4 Nxe4 21. Qh5 g6 22. Qh6 f6 23. f5 exf5 24. Nf4 Bc5 25. exf6 Nxf6 26. Nxg6 Ng4 27. Qh5 Qf7 28. Nxf5 Qxg6 29. Qxg6+ hxg6 30. Bxc5 Rxf5 31. Bxb4 Re2 32. Re1 Rxf3 33. gxf3 Rxe1+ 34. Bxe1 Ne3 0-1

[Event "NED-chT 9697"]
[Site "Netherlands"]
[Date "1996.??.??"]
[Round "?"]
[White "Van de Plassche, Bas"]
[Black "Van Mil, Johan"]
[Result "0-1"]
[WhiteElo "2315"]
[BlackElo "2395"]
[PlyCount "58"]
[EventDate "1996.??.??"]
[EventType "team"]
[EventRounds "11"]
[EventCountry "NED"]
[SourceTitle "EXT 2000"]
[Source "ChessBase"]
[SourceDate "1999.11.16"]
[SourceVersion "1"]
[SourceVersionDate "1999.11.16"]
[SourceQuality "1"]

1. e4 g6 2. d4 c6 3. Nc3 d5 4. e5 f6 5. Bf4 Bg7 6. Qd2 Nd7 7. Nf3 g5 8. Bxg5 fxe5 9. Nxe5 Nxe5 10. dxe5 Bxe5 11. 0-0-0 Qd6 12. Be2 Bf5 13. Bh5+ Bg6 14. Bg4 Nf6 15. f4 Nxg4 16. fxe5 Nxe5 17. Rhe1 0-0 18. Qd4 Rf5 19. h4 Raf8 20. Kb1 h5 21. Qxa7 Rf2 22. Ne4 Bxe4 23. Rxe4 Qg6 24. Be3 Qxe4 25. Bxf2 Qe2 26. Rc1 Qxf2 27. Qxb7 Qf6 28. Qc7 Nc4 29. Qd7 Qxb2# 0-1

[Event "Antwerp op"]
[Site "Antwerp"]
[Date "1995.??.??"]
[Round "2"]
[White "Christiansen, Larry Mark"]
[Black "Van de Plassche, Bas"]
[Result "1-0"]
[WhiteElo "2590"]
[BlackElo "2325"]
[PlyCount "55"]
[EventDate "1995.08.??"]
[EventType "swiss"]
[EventRounds "9"]
[EventCountry "BEL"]
[SourceTitle "EXT 1997"]
[Source "ChessBase"]
[SourceDate "1996.11.15"]
[SourceVersion "1"]
[SourceVersionDate "1996.11.15"]
[SourceQuality "1"]

1. c4 c5 2. Nf3 g6 3. d4 cxd4 4. Nxd4 Bg7 5. e4 Qb6 6. Nb3 Qe6 7. Bd3 f5 8. 0-0 fxe4 9. Nc5 Qe5 10. Nxe4 Nf6 11. Nxf6+ Qxf6 12. Nc3 Qf7 13. Nd5 Na6 14. Bg5 e6 15. Qe2 0-0 16. Ne7+ Kh8 17. Bxg6 hxg6 18. Qe4 Bxb2 19. Rab1 Ba3 20. Nxg6+ Kg7 21. Nxf8 Bxf8 22. Rb3 Qg6 23. Qe5+ Kg8 24. Rg3 d6 25. Qf4 e5 26. Qh4 Kf7 27. Rf3+ Kg8 28. Rf6 1-0

[Event "NED-chT 9596"]
[Site "Netherlands"]
[Date "1995.??.??"]
[Round "?"]
[White "Kremer, Mark"]
[Black "Van de Plassche, Bas"]
[Result "1-0"]
[WhiteElo "2260"]
[BlackElo "2310"]
[PlyCount "63"]
[EventDate "1995.??.??"]
[EventType "team"]
[EventRounds "9"]
[EventCountry "NED"]
[SourceTitle "EXT 1999"]
[Source "ChessBase"]
[SourceDate "1998.11.16"]
[SourceVersion "1"]
[SourceVersionDate "1998.11.16"]
[SourceQuality "1"]

1. e4 c5 2. Nf3 d6 3. d4 cxd4 4. Nxd4 Nf6 5. Nc3 a6 6. Be2 e5 7. Nb3 Be7 8. 0-0 0-0 9. Be3 Be6 10. a4 Nbd7 11. a5 Qc7 12. Re1 Rfc8 13. Bf3 b5 14. axb6 Nxb6 15. Nd5 Bxd5 16. exd5 Nc4 17. Bc1 a5 18. Ra2 Nd7 19. Bg4 g6 20. Nd4 f5 21. Nc6 Nb8 22. Nxe7+ Qxe7 23. Be2 Nd7 24. b3 Ncb6 25. Bb5 Ra7 26. Be3 Nc5 27. Qa1 Qf7 28. b4 f4 29. Bxc5 dxc5 30. Rxa5 Rca8 31. Qxe5 Rxa5 32. bxa5 1-0

[Event "BEL-chT 9596"]
[Site "Belgium"]
[Date "1995.??.??"]
[Round "?"]
[White "Van de Plassche, Bas"]
[Black "Geenen, Marc"]
[Result "1-0"]
[WhiteElo "2310"]
[BlackElo "2295"]
[PlyCount "69"]
[EventDate "1995.??.??"]
[EventType "team"]
[EventRounds "11"]
[EventCountry "BEL"]
[SourceTitle "EXT 2001"]
[Source "ChessBase"]
[SourceDate "2000.11.22"]
[SourceVersion "1"]
[SourceVersionDate "2000.11.22"]
[SourceQuality "1"]

1. e4 e5 2. Bc4 Nc6 3. Nc3 Nf6 4. d3 Bc5 5. f4 d6 6. Nf3 Bg4 7. Na4 Nh5 8. Nxc5 dxc5 9. f5 Qe7 10. c3 0-0-0 11. 0-0 Na5 12. Qa4 Nxc4 13. Qxc4 Nf4 14. Bxf4 exf4 15. Ne1 Qe5 16. Qxf7 Be2 17. Nf3 Qe8 18. Qxg7 Rxd3 19. Ne5 Rg8 20. Qxh7 Bxf1 21. Rxf1 Rd2 22. Ng6 Rd7 23. Qh4 Qxe4 24. Qxf4 Qc2 25. Qc1 Qe2 26. Qe1 Qxb2 27. Qe6 Rgd8 28. f6 Kb8 29. f7 Rd2 30. Qg4 a6 31. f8Q Rxf8 32. Rxf8+ Ka7 33. c4 Rd4 34. Qh5 Rxc4 35. Rf2 1-0

[Event "NED-chT 9596"]
[Site "Netherlands"]
[Date "1995.??.??"]
[Round "?"]
[White "Van de Plassche, Bas"]
[Black "Van der Stricht, Geert"]
[Result "1-0"]
[WhiteElo "2310"]
[BlackElo "2175"]
[PlyCount "93"]
[EventDate "1995.??.??"]
[EventType "team"]
[EventRounds "9"]
[EventCountry "NED"]
[SourceTitle "EXT 1999"]
[Source "ChessBase"]
[SourceDate "1998.11.16"]
[SourceVersion "1"]
[SourceVersionDate "1998.11.16"]
[SourceQuality "1"]

1. e4 c5 2. Nf3 d6 3. d4 cxd4 4. Nxd4 Nf6 5. Nc3 a6 6. Be3 e5 7. Nb3 Be7 8. f3 0-0 9. Qd2 Be6 10. 0-0-0 Nbd7 11. g4 b5 12. Kb1 b4 13. Nd5 Bxd5 14. exd5 Nb6 15. Bxb6 Qxb6 16. h4 a5 17. Nc1 Rfc8 18. g5 Nh5 19. Bh3 Rc4 20. Ne2 Nf4 21. Bf5 Nxe2 22. Qxe2 Rc7 23. Qd3 g6 24. Be4 a4 25. h5 b3 26. cxb3 axb3 27. a3 Bxg5 28. hxg6 hxg6 29. Bxg6 Qe3 30. Bxf7+ Rxf7 31. Qg6+ Rg7 32. Qe6+ Rf7 33. Qg6+ Rg7 34. Qe6+ Rf7 35. Rh7 Raa7 36. Rh5 Rae7 37. Qxd6 Qf4 38. Rdh1 Bf6 39. Qb8+ Rf8 40. Qxb3 Rd7 41. d6+ Rff7 42. Rg1+ Bg7 43. Rhg5 Kh8 44. Qe6 Qxf3 45. Ka2 Rd8 46. Rh1+ Qxh1 47. Qxf7 1-0

[Event "NED-chT 9495"]
[Site "Netherlands"]
[Date "1994.??.??"]
[Round "2"]
[White "Barsov, Alexei"]
[Black "Van de Plassche, Bas"]
[Result "1-0"]
[WhiteElo "2450"]
[BlackElo "2310"]
[PlyCount "73"]
[EventDate "1994.??.??"]
[EventType "team"]
[EventRounds "9"]
[EventCountry "NED"]
[SourceTitle "EXT 1998"]
[Source "ChessBase"]
[SourceDate "1997.11.17"]
[SourceVersion "1"]
[SourceVersionDate "1997.11.17"]
[SourceQuality "1"]

1. d4 Nf6 2. c4 g6 3. Nc3 d5 4. Nf3 Bg7 5. Bg5 dxc4 6. e4 Bg4 7. Bxc4 Bxf3 8. gxf3 0-0 9. Qd2 Nfd7 10. Rd1 Nc6 11. Ne2 Nb6 12. Bb5 Nb8 13. Qb4 Bf6 14. Bh6 Bg7 15. Bxg7 Kxg7 16. h4 h5 17. d5 a6 18. Qc3+ Kh6 19. Bd3 c6 20. Nf4 cxd5 21. exd5 Nxd5 22. Qd2 Nxf4 23. Qxf4+ Kg7 24. Bxg6 Qa5+ 25. b4 fxg6 26. Qxf8+ Kxf8 27. bxa5 Nc6 28. Rg1 Kf7 29. Rg5 Nb4 30. Rd7 Kf6 31. Rxb7 Nc2+ 32. Kd1 Nd4 33. Rb6+ e6 34. Rd5 Nxf3 35. Rdd6 Re8 36. Rxa6 Nxh4 37. Rxe6+ 1-0

[Event "NED-chT 9495"]
[Site "Netherlands"]
[Date "1994.??.??"]
[Round "5"]
[White "Pliester, Leon"]
[Black "Van de Plassche, Bas"]
[Result "1-0"]
[WhiteElo "2395"]
[BlackElo "2310"]
[PlyCount "131"]
[EventDate "1994.??.??"]
[EventType "team"]
[EventRounds "9"]
[EventCountry "NED"]
[SourceTitle "EXT 1998"]
[Source "ChessBase"]
[SourceDate "1997.11.17"]
[SourceVersion "1"]
[SourceVersionDate "1997.11.17"]
[SourceQuality "1"]

1. Nf3 c5 2. c4 g6 3. Nc3 Bg7 4. g3 Nc6 5. Bg2 e6 6. 0-0 Nge7 7. d3 0-0 8. Bg5 h6 9. Bd2 b6 10. a3 Bb7 11. Rb1 Rb8 12. b4 d6 13. Qc1 Kh7 14. e4 Qd7 15. b5 Nd4 16. Nxd4 cxd4 17. Ne2 Rbe8 18. Qc2 f5 19. f3 e5 20. a4 Qc7 21. Qa2 Ng8 22. a5 h5 23. Nc1 Bh6 24. exf5 Rxf5 25. Nb3 Rff8 26. axb6 axb6 27. Rbc1 Ra8 28. Qb2 Qd7 29. Ra1 Qf5 30. Bxh6 Nxh6 31. Rxa8 Bxa8 32. Qa3 Qxd3 33. Qxd6 Rf7 34. Nc1 Qe3+ 35. Kh1 e4 36. f4 d3 37. Nb3 Ng4 38. h3 Nh6 39. Nd4 Nf5 40. Nxf5 gxf5 41. Qe6 Kg7 42. Qe5+ Kg6 43. Qe8 Bb7 44. Bf3 Qxf3+ 45. Rxf3 exf3 46. Kg1 Be4 47. Kf2 Kg7 48. Ke3 Ra7 49. c5 f2 50. Qe5+ Kf7 51. Kxf2 bxc5 52. Ke3 Rd7 53. Kd2 c4 54. b6 Re7 55. Qc5 Ke6 56. Qxc4+ Kf6 57. Qb5 Rb7 58. Ke3 Re7 59. Qb4 Ke6 60. g4 hxg4 61. hxg4 Rd7 62. gxf5+ Bxf5 63. b7 d2 64. b8Q d1Q 65. Qe5+ Kf7 66. Qxf5+ 1-0